000 01003nam a2200229 a 4500
005 20180803165351.0
008 140129b2006 ck ||||| |||| 00| 0 spa d
041 _aspa
044 _ack
090 _aIAVH
_b00976
245 _aColombia, diversa por sus imágenes
260 _aBogotá
_bInstituto Alexander von Humboldt
_c2006
300 _aPlegable
520 _aDurante 2006, la Unidad de Producción Audiovisual diseñó y programó un catálogo virtual para consulta (CD) con 5.000 fotografías. Esta herramienta no solo permite un recorrido visual por diferentes paisajes y escenarios de la geografía colombiana, sino , además, descurbir importantes elementos de la biodiversidd (flora y fauna) que están asociado con los principales ecosistemas de nuestro país
650 _aCatálogo
_91256
650 _aImágenes
_95654
650 _aFauna
_992594
650 _aEcosistemas
_992256
650 _aUnidad de Producción Audiovisual
_95655
942 _cCD-ROM
_2z
945 _d2008-07-14
999 _c6389
_d6389